[Event "TCh-CHN 2017"]
[Site "China CHN"]
[Date "2017.12.04"]
[Round "21.5"]
[Board "2"]
[White "Lan, Zilun"]
[Black "Zhang, Ziji"]
[Result "0-1"]
[WhiteElo "2361"]
[BlackElo "2355"]
[WhiteTeam "Zhejiang"]
[BlackTeam "Hebei"]
[WhiteFideId "8604193"]
[BlackFideId "8609470"]
[EventDate "2017.04.18"]

1. d4 d5 2. Nf3 Nf6 3. Bf4 c5 4. c3 Nc6 5. e3 Qb6 6. Qb3 c4 7. Qc2 Bf5 8. Qc1 h6
9. Nbd2 e6 10. b3 Qa5 11. b4 Bxb4 12. cxb4 Nxb4 13. Be2 Nc2+ 14. Kf1 Nxa1 15.
Qxa1 O-O 16. h3 Ne4 17. Nxe4 Bxe4 18. Kg1 Rfc8 19. Kh2 c3 20. Rc1 Qb4 21. Ne1
Qb2 22. Bd3 Rc6 23. f3 Bxd3 24. Nxd3 Qxa1 25. Rxa1 c2 26. Rc1 Rac8 27. Kg3 Rc3
28. Ne1 Ra3 29. Kf2 Rxa2 30. Ke2 b5 31. Bd6 a5 32. Nd3 b4 33. Bxb4 axb4 34. Nxb4
Rb2 35. Nd3 Rb1 36. Kd2 Rxc1 0-1

[Event "TCh-CHN 2017"]
[Site "China CHN"]
[Date "2017.12.04"]
[Round "21.5"]
[Board "4"]
[White "Zhai, Mo"]
[Black "Ding, Yixin"]
[Result "1-0"]
[WhiteTitle "WGM"]
[BlackTitle "WGM"]
[WhiteElo "2302"]
[BlackElo "2424"]
[WhiteTeam "Hebei"]
[BlackTeam "Zhejiang"]
[WhiteFideId "8600201"]
[BlackFideId "8602972"]
[EventDate "2017.04.18"]

1. d4 d5 2. c4 e6 3. Nc3 c6 4. Nf3 dxc4 5. a4 Bb4 6. Bd2 Nf6 7. e3 O-O 8. Bxc4
c5 9. O-O Nc6 10. dxc5 Bxc5 11. Ng5 Bb4 12. Qc2 h6 13. Nf3 Qe7 14. Rfd1 b6 15.
e4 Qc5 16. Bb5 Ng4 17. Bf4 Nce5 18. Nxe5 Nxe5 19. Rac1 a6 20. Be2 Bb7 21. Qb3
Bxc3 22. Rxc3 Qa5 23. Rc7 Bxe4 24. Qe3 g5 25. Bg3 f5 26. b4 Qxb4 27. Bxe5 Rfd8
28. Bc3 Qxa4 29. Ra1 Qb3 30. Rg7+ Kf8 31. Rxg5 Bd3 32. Bg7+ Kf7 33. Bxh6 Ke7 34.
Rg7+ 1-0

[Event "TCh-CHN 2017"]
[Site "China CHN"]
[Date "2017.12.04"]
[Round "21.5"]
[Board "5"]
[White "Muzychuk, Mariya"]
[Black "Zhu, Jiner"]
[Result "1/2-1/2"]
[WhiteTitle "GM"]
[WhiteElo "2544"]
[BlackElo "2324"]
[WhiteTeam "Hebei"]
[BlackTeam "Zhejiang"]
[WhiteFideId "14114550"]
[BlackFideId "8608059"]
[EventDate "2017.04.18"]

1. e4 c5 2. Nc3 Nc6 3. Nf3 d6 4. d4 cxd4 5. Nxd4 e6 6. Be3 Nf6 7. Be2 a6 8. O-O
Qc7 9. f4 Be7 10. Qe1 Nxd4 11. Bxd4 b5 12. Bf3 Bb7 13. a3 O-O 14. Qg3 Rad8 15.
Rad1 Bc6 16. f5 e5 17. Be3 Kh8 18. Qe1 Qb7 19. Bg5 h6 20. Bxf6 Bxf6 21. Nd5 Bxd5
22. Rxd5 Rc8 23. c3 Rfd8 24. Bd1 Qb6+ 25. Kh1 Rc5 26. Bb3 Rxd5 27. Bxd5 Rd7 28.
h4 Qd8 29. g3 Kg8 30. Kg2 Rc7 31. Kh3 Kf8 32. Qe2 Kg8 33. Qh5 Ra7 34. Rd1 a5 35.
Qe2 Qb6 36. Qd2 Qd8 37. Bc6 Qb6 38. Bd5 Qd8 39. Qf2 Ra6 40. g4 Be7 41. Rg1 b4
42. axb4 axb4 43. c4 Kf8 44. Qg3 f6 45. Qe3 Qc7 46. Rd1 Ke8 47. Be6 Ra5 48. Kg3
Kf8 49. Kf3 Ke8 50. Ke2 Qc6 51. Bd5 Qa6 52. Qd2 Qb6 53. Qe3 Qa6 54. Qb3 Qb6 55.
Be6 Kd8 56. Rd5 Rxd5 57. cxd5 Qg1 58. Qxb4 Qxg4+ 59. Kd2 Qf4+ 60. Kc2 Qf2+ 61.
Kb3 Qe3+ 62. Ka4 Qd4 63. Qxd4 exd4 64. Kb4 Kc7 65. Kc4 Kb7 66. Kxd4 Bd8 67. Ke3
Ba5 68. Kf3 Be1 69. Kg4 Kb6 70. Kh5 Kc5 71. Kg6 Bxh4 72. Kxg7 Bg5 73. Kg6 Kd4
74. b4 Kc4 75. Kh5 1/2-1/2

[Event "TCh-CHN 2017"]
[Site "China CHN"]
[Date "2017.12.04"]
[Round "21.6"]
[Board "1"]
[White "Moiseenko, Alexander"]
[Black "Wen, Yang"]
[Result "0-1"]
[WhiteTitle "GM"]
[BlackTitle "GM"]
[WhiteElo "2667"]
[BlackElo "2605"]
[WhiteTeam "Chengdu"]
[BlackTeam "Shandong"]
[WhiteFideId "14102560"]
[BlackFideId "8602956"]
[EventDate "2017.04.18"]

1. d4 d5 2. c4 c6 3. Nf3 Nf6 4. Nc3 e6 5. Bg5 h6 6. Bxf6 Qxf6 7. e3 g6 8. Be2
Bg7 9. O-O O-O 10. e4 Qd8 11. Rc1 dxc4 12. Bxc4 Nd7 13. e5 c5 14. dxc5 Nxc5 15.
Qe2 b6 16. Rfd1 Qe7 17. b4 Nd7 18. Bb5 a6 19. Bc6 Ra7 20. a3 Rc7 21. Bxd7 Rxd7
22. Rxd7 Qxd7 23. Ne4 Qe7 24. Nd6 Bb7 25. Nxb7 Qxb7 26. Qc4 Rd8 27. h3 a5 28.
bxa5 bxa5 29. a4 Rd5 30. Re1 Bf8 31. Qc2 Rc5 32. Qe4 Qxe4 33. Rxe4 Rc1+ 34. Kh2
Rc2 35. Kg3 Bc5 36. Nh2 Bxf2+ 37. Kf3 Bc5 38. Ng4 Kg7 39. Nf6 Rf2+ 40. Kg3 Rd2
41. Rc4 Bd4 42. Kf4 g5+ 43. Ke4 Bb2 44. Rc5 Re2+ 45. Kd3 Rxe5 46. Nd7 Rf5 47.
Rxf5 exf5 48. Nb8 Be5 49. Nc6 Bc7 50. Ne7 f4 51. Ke4 f6 52. Kf5 Kf7 53. Nd5 Be5
54. Nb6 h5 55. Nc4 g4 56. hxg4 f3 57. gxf3 h4 58. Nd2 h3 59. Ne4 h2 60. Nf2 Bd4
61. Nh1 Ke7 62. Ke4 Bb2 63. f4 Kd6 64. Kf3 Kc5 65. Kg2 Kb4 66. Nf2 Kxa4 67. Nd3
Bd4 68. g5 fxg5 69. fxg5 Kb3 70. g6 Kc4 71. Nf4 a4 72. Ne2 Be5 73. Nc1 a3 74.
Na2 Kd5 75. g7 Bxg7 76. Kxh2 Kc4 77. Kg2 Bb2 78. Kf3 Kb3 0-1

[Event "TCh-CHN 2017"]
[Site "China CHN"]
[Date "2017.12.04"]
[Round "21.6"]
[Board "2"]
[White "Zhao, Yuanhe"]
[Black "Bu, Xiangzhi"]
[Result "1/2-1/2"]
[BlackTitle "GM"]
[WhiteElo "2394"]
[BlackElo "2730"]
[WhiteTeam "Chengdu"]
[BlackTeam "Shandong"]
[WhiteFideId "8609497"]
[BlackFideId "8601445"]
[EventDate "2017.04.18"]

1. Nf3 d6 2. d4 g6 3. e4 Nf6 4. Nc3 Bg7 5. Bc4 O-O 6. O-O c6 7. e5 Ne8 8. h3 Nc7
9. exd6 Qxd6 10. Ne4 Qd8 11. c3 Nd7 12. Re1 Nb6 13. Bf1 Nbd5 14. Bg5 Ne6 15. Bh4
b6 16. Qb3 h6 17. Bg3 Bb7 18. Rad1 Qc8 19. c4 Nf6 20. Nxf6+ Bxf6 21. c5 bxc5 22.
Rxe6 Qxe6 23. Qxb7 Qxa2 24. b3 cxd4 25. Rxd4 Bxd4 26. Nxd4 Rad8 27. Nxc6 Rd1 28.
Nxe7+ Kh7 29. Nd5 Rxf1+ 30. Kxf1 Qb1+ 31. Ke2 Qc2+ 32. Ke1 Qc1+ 33. Ke2 Qc2+ 34.
Ke1 Qc1+ 1/2-1/2

[Event "TCh-CHN 2017"]
[Site "China CHN"]
[Date "2017.12.04"]
[Round "21.6"]
[Board "3"]
[White "Liu, Guanchu"]
[Black "Zhao, Jun"]
[Result "1/2-1/2"]
[WhiteTitle "IM"]
[BlackTitle "GM"]
[WhiteElo "2462"]
[BlackElo "2604"]
[WhiteTeam "Chengdu"]
[BlackTeam "Shandong"]
[WhiteFideId "8603901"]
[BlackFideId "8602522"]
[EventDate "2017.04.18"]

1. e4 c5 2. Nf3 d6 3. d4 cxd4 4. Nxd4 Nf6 5. Nc3 a6 6. Be3 e5 7. Nb3 Be7 8. Qd2
Ng4 9. g3 Nd7 10. Nd5 Nxe3 11. Qxe3 Nf6 12. Nxe7 Qxe7 13. Bg2 Be6 14. O-O h5 15.
h4 O-O 16. Rad1 a5 17. a3 Rfc8 18. Rd2 Rc6 19. Nc1 b5 20. Nd3 Qc7 21. c3 Re8 22.
Qg5 Rc4 23. Re1 Qe7 24. f4 Bd7 25. Nf2 b4 26. cxb4 axb4 27. Bf1 Rcc8 28. axb4
Rb8 29. Be2 Rxb4 30. Bxh5 exf4 31. gxf4 Rb5 32. e5 dxe5 33. Rxe5 Rxe5 34. fxe5
Nxh5 35. Qxh5 Bc6 36. Rd6 Ba8 37. Qg5 Qb7 38. Rd8 Rxd8 39. Qxd8+ Kh7 40. Qg5 Qf3 1/2-1/2

[Event "TCh-CHN 2017"]
[Site "China CHN"]
[Date "2017.12.04"]
[Round "21.6"]
[Board "4"]
[White "Zhang, Lanlin"]
[Black "Lagno, Kateryna"]
[Result "0-1"]
[BlackTitle "GM"]
[WhiteElo "2183"]
[BlackElo "2547"]
[WhiteTeam "Shandong"]
[BlackTeam "Chengdu"]
[WhiteFideId "8608032"]
[BlackFideId "14109336"]
[EventDate "2017.04.18"]

1. e4 c5 2. Nf3 d6 3. d4 Nf6 4. Nc3 cxd4 5. Nxd4 Nc6 6. Be2 g6 7. O-O Bg7 8. Be3
O-O 9. Kh1 Bd7 10. f4 a6 11. a4 Rc8 12. Nb3 Be6 13. Nd4 Nxd4 14. Bxd4 Qa5 15. f5
gxf5 16. exf5 Bxf5 17. Bxf6 Bxf6 18. Nd5 Bxc2 19. Nxf6+ exf6 20. Qxd6 Qe5 21.
Qd2 Bg6 22. Bf3 Rc2 23. Qd7 Rxb2 24. Bxb7 Rb8 25. Bf3 Kg7 26. Rae1 Qg5 27. Qc6
a5 28. Rd1 Rc2 29. Qa6 Re8 30. Qb7 Rd2 31. Ra1 Re3 32. Bc6 Qe5 33. Qb5 Qd6 34.
Bf3 Bd3 35. Qh5 Re5 36. Qh3 Bxf1 37. Rxf1 Rg5 38. Qc8 Qd3 39. Qc1 Qd4 40. Qe1
Qf4 41. Kg1 Ra2 42. Bc6 Qxa4 43. Qc3 Rg6 44. Rxf6 Raxg2+ 45. Bxg2 Rxf6 46. Qg3+
Kf8 47. Qb8+ Qe8 48. Qb1 Qe3+ 49. Kh1 Re6 50. Qb8+ Kg7 0-1

[Event "TCh-CHN 2017"]
[Site "China CHN"]
[Date "2017.12.04"]
[Round "21.6"]
[Board "5"]
[White "Zhang, Xiaowen"]
[Black "Ren, Xiaoyi"]
[Result "1/2-1/2"]
[WhiteTitle "WGM"]
[WhiteElo "2332"]
[BlackElo "2254"]
[WhiteTeam "Shandong"]
[BlackTeam "Chengdu"]
[WhiteFideId "8603219"]
[BlackFideId "8608709"]
[EventDate "2017.04.18"]

1. e4 e5 2. Nf3 Nf6 3. Nxe5 d6 4. Nf3 Nxe4 5. d4 Be7 6. Bd3 Nf6 7. h3 O-O 8. O-O
c5 9. c4 d5 10. Nc3 cxd4 11. Nxd4 dxc4 12. Bxc4 Qc7 13. Qb3 a6 14. Be3 b5 15.
Be2 Bb7 16. Rac1 Qe5 17. Bf3 Bd6 18. Rfd1 Ra7 19. g3 Bc5 20. Bf4 Qe7 21. Bxb7
Rxb7 22. Nd5 Nxd5 23. Qxd5 Bxd4 24. Rxd4 Rd7 25. Bd6 Qd8 26. Qc5 Re8 27. Bc7 Qf6
28. Be5 Qf5 29. Rf4 Qxh3 30. Bxb8 Rde7 31. Qb4 a5 32. Qxa5 Rxb8 33. Rd4 Ree8 34.
Rd5 Qh6 35. Rcd1 Qc6 36. Qd2 1/2-1/2

[Event "TCh-CHN 2017"]
[Site "China CHN"]
[Date "2017.12.05"]
[Round "22.1"]
[Board "1"]
[White "Yu, Yangyi"]
[Black "Moiseenko, Alexander"]
[Result "1-0"]
[WhiteTitle "GM"]
[BlackTitle "GM"]
[WhiteElo "2751"]
[BlackElo "2667"]
[WhiteTeam "Beijing"]
[BlackTeam "Chengdu"]
[WhiteFideId "8603820"]
[BlackFideId "14102560"]
[EventDate "2017.04.18"]

1. e4 c5 2. Nf3 Nc6 3. d4 cxd4 4. Nxd4 e5 5. Nb5 d6 6. c4 Be7 7. N1c3 a6 8. Na3
Be6 9. Nc2 Rc8 10. Be2 Nf6 11. Be3 O-O 12. O-O Nb8 13. Na3 Nc6 14. Rc1 h6 15.
Nc2 Nb8 16. Na3 Nc6 17. h3 Nd7 18. Nc2 f5 19. exf5 Bxf5 20. Bg4 Bh7 21. c5 Nxc5
22. Bxc8 Qxc8 23. Nd5 Bd8 24. Ncb4 Qe6 25. Nxc6 bxc6 26. Nb4 Bg5 27. Bxc5 Bxc1
28. Qxd6 Qxd6 29. Bxd6 Rd8 30. Be7 Rd7 31. Rxc1 Rxe7 32. Nxa6 Rd7 33. b4 Rd2 34.
a4 Ra2 35. a5 Be4 36. Re1 Bd3 37. Nc5 e4 38. Nxe4 Bxe4 39. Rxe4 Ra4 40. Rc4 c5
41. Rxc5 Rxb4 42. a6 Ra4 43. Rc6 Kh7 44. g3 h5 45. h4 Ra1+ 46. Kg2 Ra3 47. f3
Ra2+ 48. Kf1 Kg8 49. Ke1 Kh7 50. Kd1 Ra3 51. Kc2 Rxf3 52. Kb2 Rf5 53. a7 Ra5 54.
Rc7 Kg6 55. Kb3 Kf6 56. Kb4 Ra1 57. Kb5 1-0

[Event "TCh-CHN 2017"]
[Site "China CHN"]
[Date "2017.12.05"]
[Round "22.1"]
[Board "2"]
[White "Fang, Yan"]
[Black "Zhao, Yuanhe"]
[Result "1-0"]
[WhiteElo "2426"]
[BlackElo "2394"]
[WhiteTeam "Beijing"]
[BlackTeam "Chengdu"]
[WhiteFideId "8604746"]
[BlackFideId "8609497"]
[EventDate "2017.04.18"]

1. Nf3 Nf6 2. c4 c6 3. d4 d5 4. e3 g6 5. Nc3 Bg7 6. Be2 O-O 7. O-O b6 8. b3 e6
9. Ba3 Re8 10. Rc1 Bb7 11. Ne5 Ne4 12. cxd5 Nxc3 13. Rxc3 exd5 14. Rc2 f6 15.
Nd3 a5 16. Qd2 Na6 17. Rfc1 Nc7 18. Nf4 Qd7 19. Bd3 a4 20. Bb4 axb3 21. axb3 Ne6
22. Nxe6 Rxe6 23. e4 dxe4 24. Bc4 Rd8 25. Qf4 f5 26. Ra2 Kh8 27. Bxe6 Qxe6 28.
Ra7 Qc8 29. h4 Rxd4 30. Bc3 Rd7 31. h5 Bxc3 32. Rxc3 Qc7 33. Qc1 Qd8 34. Ra1 g5
35. h6 Qf6 36. Ra7 c5 37. Qa1 e3 38. Rxb7 exf2+ 39. Kf1 Rd8 40. Rc1 1-0

[Event "TCh-CHN 2017"]
[Site "China CHN"]
[Date "2017.12.05"]
[Round "22.1"]
[Board "3"]
[White "Wang, Yiye"]
[Black "Li, Di"]
[Result "1/2-1/2"]
[WhiteTitle "IM"]
[BlackTitle "IM"]
[WhiteElo "2435"]
[BlackElo "2485"]
[WhiteTeam "Beijing"]
[BlackTeam "Chengdu"]
[WhiteFideId "8606021"]
[BlackFideId "8607508"]
[EventDate "2017.04.18"]

1. d4 Nf6 2. Nf3 e6 3. e3 c5 4. Bd3 d5 5. b3 Nc6 6. Bb2 cxd4 7. exd4 g6 8. Nbd2
Bg7 9. O-O O-O 10. Re1 b6 11. a3 Bb7 12. Ne5 Rc8 13. f4 Rc7 14. g4 Qc8 15. c3
Ba6 16. Bb1 Rd8 17. Qf3 Bb7 18. Bd3 Ba6 19. Bb1 Bb7 20. Bd3 Ba6 21. Bb1 Bb7 22.
h4 1/2-1/2

[Event "TCh-CHN 2017"]
[Site "China CHN"]
[Date "2017.12.05"]
[Round "22.1"]
[Board "4"]
[White "Lagno, Kateryna"]
[Black "Wang, Jue"]
[Result "1-0"]
[WhiteTitle "GM"]
[BlackTitle "WGM"]
[WhiteElo "2547"]
[BlackElo "2359"]
[WhiteTeam "Chengdu"]
[BlackTeam "Beijing"]
[WhiteFideId "14109336"]
[BlackFideId "8604070"]
[EventDate "2017.04.18"]

1. e4 c5 2. Nc3 a6 3. Nge2 d6 4. g3 g6 5. Bg2 Bg7 6. d4 cxd4 7. Nxd4 Nf6 8. O-O
O-O 9. h3 Nc6 10. Be3 Bd7 11. Nde2 Rc8 12. b3 Na5 13. Rc1 Qc7 14. Qd2 e6 15. Bf4
Ne8 16. Nd1 b5 17. Ne3 Nb7 18. c4 Qb6 19. Rfd1 Bc6 20. b4 Qa7 21. g4 Nf6 22. Ng3
e5 23. Bg5 h6 24. Bh4 Bd7 25. g5 hxg5 26. Bxg5 Be6 27. Nd5 Nxd5 28. exd5 Bd7 29.
Be3 Qb8 30. c5 Nd8 31. c6 Bf5 32. Qe2 Rc7 33. Nxf5 gxf5 34. f4 Re8 35. Qh5 Qc8
36. Rf1 Rce7 37. fxe5 Rxe5 38. Bf4 Re2 39. Bxd6 Be5 40. Bxe5 R8xe5 41. d6 Ne6
42. c7 Nf8 43. Qg5+ Kh7 44. d7 Nxd7 45. Rf4 1-0

[Event "TCh-CHN 2017"]
[Site "China CHN"]
[Date "2017.12.05"]
[Round "22.1"]
[Board "5"]
[White "Ren, Xiaoyi"]
[Black "Jiang, Zhaoyi"]
[Result "1-0"]
[BlackTitle "WCM"]
[WhiteElo "2254"]
[BlackElo "2019"]
[WhiteTeam "Chengdu"]
[BlackTeam "Beijing"]
[WhiteFideId "8608709"]
[BlackFideId "8611050"]
[EventDate "2017.04.18"]

1. d4 Nf6 2. c4 e6 3. g3 d5 4. Bg2 Be7 5. Nf3 O-O 6. O-O dxc4 7. Nbd2 c5 8. Nxc4
Nc6 9. dxc5 Bxc5 10. Be3 Bxe3 11. Nxe3 Qe7 12. Qc2 Bd7 13. Rac1 Nb4 14. Qb3 Bc6
15. a3 Na6 16. Qc3 Rfd8 17. Qa5 Qe8 18. Ne5 Bxg2 19. Kxg2 Ne4 20. Nd3 Nac5 21.
Nxc5 b6 22. Qa4 Nxc5 23. Qxe8+ Rxe8 24. b4 Nb3 25. Rcd1 Red8 26. Nc4 b5 27. Nd6
a6 28. e3 Rd7 29. e4 e5 30. f4 f6 31. fxe5 fxe5 32. Nf5 Rxd1 33. Rxd1 g6 34.
Nh6+ Kg7 35. Ng4 Nd4 36. Nxe5 Nc2 37. Rd7+ Kf6 38. Nd3 Nxa3 39. e5+ Ke6 40. Rd6+
Ke7 41. Nc5 Nc4 42. Rd7+ Ke8 43. Rxh7 Rd8 44. e6 Rd2+ 45. Kf3 Ne5+ 46. Kf4 Nc6
47. Nxa6 Nxb4 48. Nc7+ 1-0

[Event "TCh-CHN 2017"]
[Site "China CHN"]
[Date "2017.12.05"]
[Round "22.2"]
[Board "2"]
[White "Wen, Yang"]
[Black "Lan, Zilun"]
[Result "1-0"]
[WhiteTitle "GM"]
[WhiteElo "2605"]
[BlackElo "2361"]
[WhiteTeam "Shandong"]
[BlackTeam "Zhejiang"]
[WhiteFideId "8602956"]
[BlackFideId "8604193"]
[EventDate "2017.04.18"]

1. e4 d6 2. d4 e5 3. Nf3 Nc6 4. Nc3 Bg4 5. Bb5 exd4 6. Qxd4 a6 7. Bxc6+ bxc6 8.
Bg5 f6 9. Be3 Ne7 10. h3 Be6 11. O-O-O Qb8 12. Rhe1 Qb7 13. Qa4 Rb8 14. Nd4 Bd7
15. Nb3 Ng6 16. f4 Be7 17. Qc4 a5 18. a3 Ra8 19. Nd4 Nf8 20. Nf5 Ne6 21. Nxe7
Kxe7 22. f5 Nd8 23. e5 fxe5 24. Bg5+ Ke8 25. Rxe5+ 1-0

[Event "TCh-CHN 2017"]
[Site "China CHN"]
[Date "2017.12.05"]
[Round "22.2"]
[Board "3"]
[White "Bu, Xiangzhi"]
[Black "Xu, Minghui"]
[Result "1/2-1/2"]
[WhiteTitle "GM"]
[WhiteElo "2730"]
[BlackElo "2316"]
[WhiteTeam "Shandong"]
[BlackTeam "Zhejiang"]
[WhiteFideId "8601445"]
[BlackFideId "8606790"]
[EventDate "2017.04.18"]

1. d4 d5 2. c4 e6 3. Nf3 c6 4. Qc2 Nf6 5. g3 Nbd7 6. Bg2 b6 7. O-O Bb7 8. Nc3
Be7 9. b3 O-O 10. Bb2 Qc7 11. Rad1 Rad8 12. Rfe1 Rfe8 13. e4 Nxe4 14. Nxe4 dxe4
15. Qxe4 Bf6 16. Qe2 c5 17. dxc5 Qxc5 18. Bxf6 Nxf6 19. Ne5 Bxg2 20. Kxg2 Qc7
21. Rxd8 Rxd8 22. Rd1 Nd7 23. Nf3 Nc5 24. Rxd8+ Qxd8 25. b4 Nd7 26. Qe4 Qc8 27.
h4 h6 28. g4 Kf8 29. g5 hxg5 30. hxg5 a5 31. b5 Qc5 32. g6 Ke7 33. Qh4+ Nf6 34.
gxf7 Kxf7 35. Qf4 Qf5 36. Ne5+ Ke8 37. Qd4 Qg5+ 38. Kf3 Qf5+ 39. Ke3 Qc2 40. f3
Qb1 41. Qd2 Qg1+ 42. Kd3 Qc5 43. Qb2 Nh5 44. Ke4 Ng3+ 45. Kf4 Nf5 46. Qc3 Qf2
47. Ng4 Qxa2 48. c5 Qa4+ 49. Ke5 Qxb5 50. Kxe6 Qd7+ 51. Ke5 bxc5 52. Qxa5 Nd4
53. Qxc5 Nxf3+ 54. Kf4 Qd4+ 1/2-1/2

[Event "TCh-CHN 2017"]
[Site "China CHN"]
[Date "2017.12.05"]
[Round "22.2"]
[Board "4"]
[White "Ding, Yixin"]
[Black "Zhang, Xiaowen"]
[Result "1/2-1/2"]
[WhiteTitle "WGM"]
[BlackTitle "WGM"]
[WhiteElo "2424"]
[BlackElo "2332"]
[WhiteTeam "Zhejiang"]
[BlackTeam "Shandong"]
[WhiteFideId "8602972"]
[BlackFideId "8603219"]
[EventDate "2017.04.18"]

1. e4 e5 2. Nf3 Nf6 3. Nxe5 d6 4. Nf3 Nxe4 5. Nc3 Nxc3 6. dxc3 Be7 7. Be3 Nc6 8.
Qd2 Be6 9. O-O-O Qd7 10. Kb1 Bf6 11. h4 O-O-O 12. Nd4 Bxd4 13. cxd4 d5 14. Bb5
a6 15. Ba4 h5 16. f3 Bf5 17. Rhe1 Rde8 18. Bf4 Rxe1 19. Rxe1 Re8 20. Rxe8+ Qxe8
21. Bg3 Qd7 22. Qf4 Bg6 23. Kc1 b5 24. Bb3 Ne7 25. c3 f6 26. Kd2 Kd8 27. Bh2 Bf5
28. Bg3 Ng6 29. Qe3 Ne7 30. Qf4 Ng6 31. Qe3 1/2-1/2

[Event "TCh-CHN 2017"]
[Site "China CHN"]
[Date "2017.12.05"]
[Round "22.2"]
[Board "5"]
[White "Zhu, Jiner"]
[Black "Ning, Kaiyu"]
[Result "0-1"]
[WhiteElo "2324"]
[BlackElo "2169"]
[WhiteTeam "Zhejiang"]
[BlackTeam "Shandong"]
[WhiteFideId "8608059"]
[BlackFideId "8614750"]
[EventDate "2017.04.18"]

1. e4 e6 2. d4 d5 3. Nc3 Bb4 4. exd5 exd5 5. Bd3 Nc6 6. Ne2 Nge7 7. a3 Bxc3+ 8.
bxc3 Bf5 9. Ng3 Bxd3 10. cxd3 O-O 11. O-O Qd7 12. Qh5 b5 13. Rb1 Rab8 14. Bd2
Qd6 15. Qg5 Qg6 16. Qe3 a5 17. Rfe1 h6 18. Rb3 Rb6 19. Bc1 Rd8 20. f4 Nf5 21.
Nxf5 Qxf5 22. h3 h5 23. Rb2 h4 24. Kh2 Qf6 25. Rc2 Rbb8 26. Bd2 Rd7 27. Qf2 Re7
28. Rb1 Qf5 29. Qf1 b4 30. cxb4 Nxd4 31. Rcb2 a4 32. Re1 Rbe8 33. Rxe7 Rxe7 34.
Be1 Re3 35. Rd2 g5 36. Kh1 Ne6 37. Bf2 Qxf4 38. Qd1 Re5 39. Bg1 Qg3 40. Bf2 Qf4
41. Bg1 Qf6 42. Qxa4 Re1 43. Rd1 Re2 44. Qa8+ Kh7 45. Qxd5 Nf4 46. Qf3 Rxg2 47.
Bh2 Rf2 48. Qe4+ Kh6 49. Bxf4 Rxf4 50. Qd5 Rf3 51. Rc1 Rxh3+ 52. Kg2 Rg3+ 53.
Kh1 Kh5 54. Qe4 Qf3+ 55. Qxf3+ Rxf3 56. a4 h3 57. a5 Rxd3 58. a6 Ra3 59. b5 Kh4
60. Rxc7 Ra1+ 61. Kh2 g4 62. Rc4 Ra2+ 63. Kh1 h2 64. b6 Kh3 0-1

[Event "TCh-CHN 2017"]
[Site "China CHN"]
[Date "2017.12.05"]
[Round "22.3"]
[Board "1"]
[White "Zhang, Ziji"]
[Black "Dai, Changren"]
[Result "1/2-1/2"]
[WhiteElo "2355"]
[BlackElo "2437"]
[WhiteTeam "Hebei"]
[BlackTeam "Tianjin"]
[WhiteFideId "8609470"]
[BlackFideId "8608156"]
[EventDate "2017.04.18"]

1. d4 d5 2. c4 e6 3. Nc3 Be7 4. Nf3 Nf6 5. Bg5 h6 6. Bh4 O-O 7. e3 Ne4 8. Bxe7
Qxe7 9. Rc1 c6 10. h4 Nd7 11. g4 e5 12. cxd5 Nxc3 13. Rxc3 cxd5 14. g5 e4 15.
Nd2 hxg5 16. Qh5 Nf6 17. Qxg5 Kh8 18. Rg1 Rg8 19. h5 Bd7 20. Kd1 Qe6 21. Be2
Rac8 22. Rxc8 Bxc8 23. Nb1 Qf5 24. Qh4 Qh3 25. Qf4 Qf5 26. Qh2 Qh3 27. Qxh3 Bxh3
28. Nc3 Kh7 29. Kd2 Rd8 30. Nb5 a6 31. Nc3 Bd7 32. b4 Kh6 33. a3 Rc8 34. Rg2 Rd8
35. Rg1 Rc8 36. Rg3 Re8 37. a4 Ra8 38. Rg2 Bh3 39. Rg3 Bd7 40. Rg1 Rc8 41. a5
Bc6 42. Rc1 Ra8 43. Rg1 Rc8 44. Rh1 Rd8 45. Rg1 Rg8 46. Rh1 1/2-1/2

[Event "TCh-CHN 2017"]
[Site "China CHN"]
[Date "2017.12.05"]
[Round "22.3"]
[Board "2"]
[White "Zhao, Zong-Yuan"]
[Black "Wang, Yue"]
[Result "1/2-1/2"]
[WhiteTitle "GM"]
[BlackTitle "GM"]
[WhiteElo "2543"]
[BlackElo "2690"]
[WhiteTeam "Hebei"]
[BlackTeam "Tianjin"]
[WhiteFideId "3202534"]
[BlackFideId "8601429"]
[EventDate "2017.04.18"]

1. d4 Nf6 2. c4 e6 3. Nc3 Bb4 4. Qc2 d5 5. a3 Bxc3+ 6. Qxc3 O-O 7. Nf3 dxc4 8.
Qxc4 b6 9. Bg5 Ba6 10. Qa4 Qd7 11. Qc2 c5 12. dxc5 Rc8 13. Bxf6 gxf6 14. Qe4 Qb5
15. b4 bxc5 16. e3 Qb7 17. Qg4+ Kf8 18. b5 Bxb5 19. Rb1 a6 20. a4 f5 21. Qf4 Qe4
22. Qxe4 fxe4 23. axb5 exf3 24. b6 Rd8 25. gxf3 Nc6 26. f4 Rab8 27. Bg2 Nb4 28.
b7 Nd5 29. O-O Rd7 30. Rfc1 Rdxb7 31. Rxb7 Rxb7 32. Bxd5 exd5 33. Rxc5 d4 34.
exd4 Rb4 1/2-1/2

[Event "TCh-CHN 2017"]
[Site "China CHN"]
[Date "2017.12.05"]
[Round "22.3"]
[Board "3"]
[White "Wan, Yunguo"]
[Black "Cheparinov, Ivan"]
[Result "1-0"]
[WhiteTitle "GM"]
[BlackTitle "GM"]
[WhiteElo "2486"]
[BlackElo "2710"]
[WhiteTeam "Hebei"]
[BlackTeam "Tianjin"]
[WhiteFideId "8603189"]
[BlackFideId "2905540"]
[EventDate "2017.04.18"]

1. e4 e5 2. Nf3 Nc6 3. Bc4 Bc5 4. c3 Nf6 5. d4 exd4 6. e5 d5 7. Bb5 Ne4 8. cxd4
Bb6 9. Be3 O-O 10. Nc3 Be6 11. O-O Bg4 12. h3 Bh5 13. Be2 Nxc3 14. bxc3 f6 15.
exf6 Qxf6 16. a4 Rae8 17. Re1 Kh8 18. Qc2 a6 19. Bg5 Qf7 20. Bh4 h6 21. Bg3 Kg8
22. Ne5 Rxe5 23. dxe5 Bxf2+ 24. Bxf2 Qxf2+ 25. Kh1 Nxe5 26. Qd1 Bf7 27. Bxa6
bxa6 28. Rxe5 Qb2 29. Qc1 Rb8 30. Qxb2 Rxb2 31. Rae1 Ra2 32. Re7 c5 33. Rb1 g5
34. Rf1 Bg6 35. Rf6 Be4 36. Rb6 1-0

[Event "TCh-CHN 2017"]
[Site "China CHN"]
[Date "2017.12.05"]
[Round "22.3"]
[Board "4"]
[White "Chu, Ruotong"]
[Black "Muzychuk, Mariya"]
[Result "0-1"]
[BlackTitle "GM"]
[WhiteElo "2166"]
[BlackElo "2544"]
[WhiteTeam "Tianjin"]
[BlackTeam "Hebei"]
[WhiteFideId "8605653"]
[BlackFideId "14114550"]
[EventDate "2017.04.18"]

1. d4 Nf6 2. c4 e6 3. g3 c5 4. d5 exd5 5. cxd5 d6 6. Nc3 g6 7. Bg2 Bg7 8. Nf3
O-O 9. O-O Re8 10. Re1 Nbd7 11. Bf4 Ng4 12. Qc1 Nde5 13. Nxe5 Nxe5 14. a4 Bf5
15. Be4 Qd7 16. Bxf5 Qxf5 17. Kg2 Nc4 18. e4 Qd7 19. Qc2 h6 20. Bc1 f5 21. b3
Ne5 22. Bf4 g5 23. Bxe5 Rxe5 24. f4 gxf4 25. gxf4 Re7 26. exf5 Bxc3 27. Rxe7
Qxe7 28. Qxc3 Qe2+ 29. Kh3 Kf7 30. Rg1 Qh5+ 31. Kg2 Qxf5 32. Qf3 Re8 33. Rd1 Re4
34. Kg3 h5 35. Rf1 Rd4 36. Qe2 Qg6+ 37. Kh4 Rd2 38. Qe6+ Qxe6 39. dxe6+ Kxe6 40.
Kxh5 Rxh2+ 41. Kg4 Rg2+ 42. Kf3 Rb2 43. Re1+ Kf5 44. Re3 Rd2 45. Re7 Rd3+ 46.
Ke2 Rxb3 47. Rf7+ Ke4 48. f5 Ke5 49. f6 Ke6 50. Rf8 a5 51. Rd8 Kxf6 52. Rxd6+
Ke5 53. Rh6 Rb4 54. Rh7 0-1